| 000 | 00826nam a2200217 u 4500 | ||
|---|---|---|---|
| 001 | 000561441 | ||
| 003 | AM-YeHGA | ||
| 005 | 20250618073239.0 | ||
| 008 | 071217s1899 ||| r 000 0 arm d | ||
| 040 | _aAM-YeHGA | ||
| 041 | 0 | _aarm | |
| 100 | 1 |
_aՄալխասյանց, Ստեփան Սարգսի, _d1857-1947 _98793 |
|
| 245 | 1 | 0 |
_aԴասընթաց հայոց մատենագրութեան պատմութեան : _bՆերսիսեան հոգեւոր դպրոցի աշակերտների համար / _cՄալխասեանց Ստեփան. |
| 260 |
_aԹիֆլիս : _bվիմագր. Շահբազեանցի, _c1899. |
||
| 300 |
_a291 էջ ; _c23 սմ. |
||
| 500 | _aՇարվ. 19x15 սմ։ | ||
| 546 | _aԳրաբար | ||
| 650 | 1 | 4 |
_aՀայոց լեզու _xՄատենագիտություն |
| 942 |
_2udc _cBK |
||
| 090 | _c220423 | ||
| 999 |
_c218894 _d218894 |
||